Statistics for Game of Thrones Ultimate Name Game

Click here to take the quiz!

General Stats

  • This quiz has been taken 515 times
  • The average score is 86 of 114

Answer Stats

Last NameFirst Name% Correct
StarkArya
100%
StarkEddard
100%
Arryn | Snow/StarkJon
100%
StarkRobb
100%
StarkSansa
100%
TullyCatelyn
99%
LannisterCersei
99%
StarkBran
98%
[Stark Direwolf]Ghost
98%
LannisterJaime
98%
StarkRickon
98%
BaratheonRobert
98%
GreyjoyTheon
98%
LannisterTyrion
98%
TargaryenDaenerys
97%
MormontJeor
97%
BaratheonJoffrey
97%
BaelishPetyr
97%
TarlySamwell
97%
LannisterTywin
97%
CleganeSandor
96%
BaratheonStannis
96%
FreyWalder
96%
BoltonRamsay
95%
GreyjoyAsha/Yara
94%
MormontJorah
94%
[Stark Direwolf]Lady
94%
BaratheonTommen
94%
TargaryenViserys
94%
SeaworthDavos
93%
TullyLysa
93%
SandNymeria
93%
MartellOberyn
93%
BaratheonRenly
93%
BoltonRoose
93%
TarthBrienne
92%
CleganeGregor
92%
TyrellMargaery
92%
StarkBenjen
91%
BaratheonMyrcella
91%
[Stark Direwolf]Nymeria
91%
[Stark Direwolf]Summer
91%
TyrellLoras
90%
StarkLyanna
90%
RedwyneOlenna
90%
MormontLyanna
89%
GreyjoyEuron
88%
[Stark Direwolf]Shaggydog
87%
GreyjoyBalon
86%
NaharisDaario
85%
TullyEdmure
85%
[Stark Direwolf]Grey Wind
85%
ArrynRobin
85%
TargaryenRhaegar
84%
ReedJojen
83%
LannisterLancel
83%
SelmyBarristan
82%
H'gharJaqen
81%
RayderMance
81%
PaynePodrick
81%
ReedMeera
80%
TargaryenAerys
79%
Waters/BaratheonGendry
79%
DondarrionBeric
77%
SandEllaria
77%
PayneIlyn
77%
LannisterKevan
77%
TyrellMace
77%
TrantMeryn
75%
StarkBrandon
73%
TargaryenAemon
72%
MartellDoran
72%
SlyntJanos
72%
KarstarkRickard
72%
BaratheonShireen
72%
ForelSyrio
72%
TollettEddison
71%
TullyHoster
70%
TullyBrynden
69%
TarlyDickon
69%
MartellElia
68%
ThorneAlliser
63%
TarlyRandyll
62%
DayneArthur
61%
CasselRodrick
61%
SandObara
60%
MartellTrystane
59%
Maz DuurMirri
58%
CasselJory
57%
ReedHowland
54%
FreyWalda
54%
Xhoan DaxosXaro
53%
PreePyat
52%
MopatisIllyrio
51%
PooleJeyne
50%
SandTyene
50%
UmberGreatjon
48%
FlorentSelyse
46%
UmberSmalljon
41%
FreyRoslin
40%
LannisterMartyn
36%
GreyjoyAeron
35%
LannisterWillem
32%
HollardDontos
31%
zo LoraqHizdahr
31%
HotahAreo
30%
RoyceYohn
30%
LemoncloakLem
29%
MormontMaege
28%
HightowerGerold
22%
RoyceWaymar
20%
TarlyTalla
18%
KarstarkHarald
8%

Score Distribution

Percentile by Number Answered

Percent of People with Each Score

Your Score History

You have not taken this quiz